Statistics for Rugby Positions

Click here to take the quiz!

General Stats

  • This quiz has been taken 21 times
  • The average score is 13 of 15

Answer Stats

No.Answer% Correct
12Inside Centre
94%
11Left Winger
94%
13Outside Centre
94%
14Right Winger
94%
6Blindside Flanker
88%
10Fly-Half
88%
2Hooker
88%
1Looshead Prop
88%
8Number 8
88%
7Openside Flanker
88%
9Scrum-Half
88%
3Tighthead Prop
88%
15Fullback
81%
4Second Row
81%
5Second Row
81%

Score Distribution

Percentile by Number Answered

Percent of People with Each Score

Your Score History

You have not taken this quiz